Gobernabilidad, transparencia y recontrucción del Estado /

El artículo analiza la importancia de la transparencia como una política pública que relacione al Estado con los ciudadanos, con objeto de que el ejercicio del poder sea democrático para que así contribuya a la eficaz gobernabilidad de la sociedad contemporánea, con el fin de garantizar el acceso, l...

ver descrição completa

Na minha lista:
Detalhes bibliográficos
Autor principal: Uvalle Berrones, Ricardo
Formato: Texto
Assuntos:
Tags: Adicionar Tag
Sem tags, seja o primeiro a adicionar uma tag!

MARC

LEADER 00000 a a2200000 04500
001 40888
003
040
100 |a Uvalle Berrones, Ricardo  
245 |a Gobernabilidad, transparencia y recontrucción del Estado /  |c Ricardo Uvalle Berrones  
500 |a ricardo_uvalle@yahoo.com.mx  
520 |a El artículo analiza la importancia de la transparencia como una política pública que relacione al Estado con los ciudadanos, con objeto de que el ejercicio del poder sea democrático para que así contribuya a la eficaz gobernabilidad de la sociedad contemporánea, con el fin de garantizar el acceso, la apertura y la visibilidad.  
590 |a RRA/ENERO2012  
650 |a GOBERNABILIDAD  
650 |a ESTADO  
650 |a DEMOCRACIA  
650 |a INFORMACIA  
650 |a CIUDADANIA  
650 |a MEXICO  
773 |g volumen14, número45 (2007), páginas 47-74  
999 |c 20977  |d 20977